| 000 | 00349nam a2200133Ia 4500 | ||
|---|---|---|---|
| 008 | 240112s1956 MAY xx 000 0 und d | ||
| 022 | _a54-6097 | ||
| 041 | _aeng | ||
| 082 | _a618.92705 | ||
| 100 | _aADAMS J.M. | ||
| 245 | _aPEDIATRIC CLINICS OF NORTH AMERIC: ANTIMICROBIAL THEARPY | ||
| 260 |
_bSAUNDERS W.B. _c1956 MAY |
||
| 300 | _a495,HB | ||
| 999 |
_c1141483 _d1141483 |
||